Europäische Länder mit positivem Bevölkerungswachstum im Jah - Statistiken

Allgemein
  • Dieses Quiz wurde 81 mal gespielt
    56 seit der letzten Aktualisierung
  • Das Durchschnittsergebnis liegt bei 10 aus 13
Antwortstatistiken
Bevölkerungswachstum Länder % Korrekt
+0.27% Schweden
91%
+0.32% Norwegen
89%
+0.20% Dänemark
85%
+0.48% Luxemburg
85%
+0.01% Deutschland
83%
+0.32% Schweiz
83%
+0.11% Vereinigtes Königreich
83%
+0.08% Belgien
81%
+0.30% Liechtenstein
77%
+0.00% San Marino
75%
+0.66% Monaco
72%
+0.13% Vatikanstadt
62%
+0.09% Tsechien
6%
Keine übereinstimmenden Quizze gefunden
Verteilung der Resultate
Anzahl Personen mit jedem Resultat
Perzentil nach korrekt beantworteten Fragen
Ihre Resultats-Entwicklung
Sie haben dieses Quiz seit der letzten Aktualisierung nicht gespielt